Vrai ou Faux - Géographie #1 - Statistiques

Statistiques générales
  • Ce quiz a été pris 83 356 fois
  • Le résultat moyen est 12 sur 18
Statistiques - réponses
Question Réponse % Correct
Le Mexique se situe au sud de l'équateur Faux
88%
En Nouvelle-Zélande, il y a plus de moutons que d'habitants Vrai
87%
La Suisse fait partie de l'Union Européenne Faux
85%
Il y a au moins un pays qui commence par chaque lettre de l'alphabet Faux
78%
Aucun pays n'a de frontière terrestre avec le Royaume-Uni Faux
77%
L'Afrique a une plus grande superficie que la Russie Vrai
73%
La Russie a une frontière avec la Corée du Nord et la Norvège Vrai
66%
La Chine n'utilise qu'un seul fuseau horaire Vrai
63%
Le rouble est la monnaie utilisée en Inde Faux
61%
Shanghai est située au nord de Pékin Faux
60%
Le Var ne coule pas dans le département du Var Vrai
60%
Aucune partie de l'océan Arctique n'est glacée tous les jours de l'année Faux
59%
L'Italie est le seul pays où l'italien est une langue officielle Faux
58%
Paris est plus au nord que Montréal Vrai
58%
Singapour est un pays insulaire Vrai
57%
L'Éthiopie n'a pas de littoral Vrai
55%
Le Maroc était autrefois divisé en départements français Faux
37%
Il est possible d'aller d'Anchorage (Alaska) à Buenos Aires en voiture Faux
29%
Aucun quiz correspondant
Distribution des résultats
% des personnes avec chaque résultat
Percentile par nombre de réponses
Votre historique - résultats
Vous n’avez pas pris ce quiz